000 00652nam a22002057a 4500
005 20171101124734.0
010 _aENG-121026
020 _c300.00
_a9789383147007
035 _aEN-104558
037 _bDBAD/PUB
082 _a158.12
100 _aAgarwal,Suresh kumar
245 _aTotal health by meditation /
_cby Suresh Kumar Agarwal [and] Sohan Raj Tater
260 _aJaipur
_bCo-Operation Publication
_c2013
270 _aDhamani Market Ki Gali, Choura Rasta
_bJaipur
_e302003
300 _a216p.
_c23cm(Hb)
500 _aIncludes bibliographical reference
700 _aTater, Sohan Raj
942 _2ddc
_cEN
_h158.12
_mAGA
999 _c146764
_d146764